MLB OBP Leaders - Statistics

General Stats
  • This quiz has been taken 11 times
  • The average score is 49 of 121
Answer Stats
Year Player % Correct
2022 Aaron Judge
100%
1991 Barry Bonds
100%
2023 Shohei Ohtani
100%
1919 Babe Ruth
89%
1991 Frank Thomas
89%
2010 Miguel Cabrera
89%
1903 Roy Thomas
89%
1994 Tony Gwynn
89%
2006 Albert Pujols
78%
2015 Bryce Harper
78%
1972 Joe Morgan
78%
1928 Lou Gehrig
78%
2002 Manny Ramirez
78%
1996 Mark McGwire
78%
1955 Mickey Mantle
78%
1968 Pete Rose
78%
2023 Ronald Acuña Jr.
78%
1940 Ted Williams
78%
1909 Ty Cobb
78%
1965 Willie Mays
78%
1962 Frank Robinson
67%
1980 George Brett
67%
1904 Honus Wagner
67%
1952 Jackie Robinson
67%
1929 Jimmie Foxx
67%
2009 Joe Mauer
67%
2020 Juan Soto
67%
1997 Larry Walker
67%
1989 Lonnie Smith
67%
2016 Mike Trout
67%
1977 Reggie Smith
67%
1990 Rickey Henderson
67%
1974 Rod Carew
67%
1920 Rogers Hornsby
67%
1912 Tris Speaker
67%
2021 Vladimir Guerrero Jr.
67%
1983 Wade Boggs
67%
2008 Chipper Jones
56%
2007 David Ortiz
56%
1963 Eddie Mathews
56%
1984 Eddie Murray
56%
1995 Edgar Martinez
56%
2022 Freddie Freeman
56%
1984 Gary Matthews
56%
1987 Jack Clark
56%
2000 Jason Giambi
56%
1911 Joe Jackson
56%
2010 Joey Votto
56%
1980 Keith Hernandez
56%
1930 Mel Ott
56%
1904 Nap Lajoie
56%
1985 Pedro Guerrero
56%
1986 Tim Raines
56%
2014 Victor Martinez
56%
2014 Andrew McCutchen
44%
2012 Buster Posey
44%
2019 Christian Yelich
44%
1956 Duke Snider
44%
1982 Dwight Evans
44%
1914 Eddie Collins
44%
1969 Harmon Killebrew
44%
1981 Mike Schmidt
44%
1926 Paul Waner
44%
1951 Ralph Kiner
44%
1943 Stan Musial
44%
2000 Todd Helton
44%
1969 Willie McCovey
44%
1944 Bob Johnson
33%
1963 Carl Yastrzemski
33%
2020 DJ LeMahieu
33%
1996 Gary Sheffield
33%
1993 John Olerud
33%
1943 Luke Appling
33%
1934 Arky Vaughan
22%
1971 Bobby Murcer
22%
1933 Chuck Klein
22%
1967 Dick Allen
22%
1905 Frank Chance
22%
1979 Fred Lynn
22%
1912 Johnny Evers
22%
1973 Ken Singleton
22%
1929 Lefty O'Doul
22%
1970 Rico Carty
22%
1914 Casey Stengel
11%
1931 Chick Hafey
11%
1946 Eddie Stanky
11%
1959 Eddie Yost
11%
1919 George Burns
11%
1976 Hal McRae
11%
1978 Jeff Burroughs
11%
1988 Kal Daniels
11%
1990 Lenny Dykstra
11%
1933 Mickey Cochrane
11%
1961 Norm Cash
11%
1954 Richie Ashburn
11%
1964 Ron Santo
11%
1947 Augie Galan
0%
1908 Doc Gessler
0%
1937 Dolph Camilli
0%
1945 Eddie Lake
0%
1940 Elbie Fletcher
0%
1952 Ferris Fain
0%
1915 Gavvy Cravath
0%
1953 Gene Woodling
0%
1906 George Stone
0%
1917 Heinie Groh
0%
1903 Jimmy Barrett
0%
1911 Jimmy Sheckard
0%
1959 Joe Cunningham
0%
1973 John Mayberry
0%
1950 Larry Doby
0%
2004 Melvin Mora
0%
1981 Mike Hargrove
0%
1913 Miller Huggins
0%
2008 Milton Bradley
0%
1945 Phil Cavarretta
0%
1906 Roger Bresnahan
0%
1910 Sherry Magee
0%
1905 | 1907 Topsy Hartsel
0%
1960 Wally Moon
0%
No matching quizzes found
Score Distribution
Percent of People with Each Score
Percentile by Number Answered
Your Score History
You have not taken this quiz